Pacta sunt servanda - dohovory sa majú dodržiavať

Dodržiavanie Dohovoru o praní špinavých peňazí prijatom v novembri 1990 v Štrasburgu a ratifikovanom v apríli 2001 prezidentom SR. Definícia pojmov na účely dohovoru. Opatrenia na národnej úrovni. Medzinárodná spolupráca v oblasti prania špinavých peňazí.

Guardado en:
Detalles Bibliográficos
Autor principal: Roháč, Ján
Formato: Capítulo de libro
Lenguaje:eslovaco
Materias:
Etiquetas: Agregar Etiqueta
Sin Etiquetas, Sea el primero en etiquetar este registro!

MARC

LEADER 00000naa a2200000 4500
001 r046337
005 20230925130110.7
041 0 |a slo 
044 |a SK 
245 1 0 |a Pacta sunt servanda - dohovory sa majú dodržiavať  |c Ján Roháč 
520 |a Dodržiavanie Dohovoru o praní špinavých peňazí prijatom v novembri 1990 v Štrasburgu a ratifikovanom v apríli 2001 prezidentom SR. Definícia pojmov na účely dohovoru. Opatrenia na národnej úrovni. Medzinárodná spolupráca v oblasti prania špinavých peňazí. 
610 2 0 |a pranie špinavých peňazí 
610 2 0 |a dohody medzinárodné 
610 2 0 |a spolupráca medzinárodná 
610 2 0 |a Rada Európy 
610 2 0 |a Slovensko 
100 1 |a Roháč, Ján